000
00244nam a2200097Ia 4500
001
765668
005
20250826165326.0
008
250824s9999 xx 000 0 und d
245
0
_a
AŞKA AĞLAYAN DERVİŞ
_c
MAHMUT ULU
260
_b
KARATAY YAYINLARI
999
_c
765668
_d
765668